Sportifs en K - Statistiques

Statistiques générales
  • Ce quiz a été pris 141 fois
  • Le résultat moyen est 10 sur 16
Statistiques - réponses
Par images Réponse % Correct
Nikola Karabatic
97%
Kaka
94%
Joshua Kimmich
86%
Randal Kolo Muani
86%
Oliver Kahn
83%
Miroslav Klose
82%
Christian Karembeu
76%
Ibrahima Konate
74%
Mateo Kovacic
73%
Patrick Kluivert
73%
Gustavo Kuerten
43%
Raymond Kopa
37%
Jean-Claude Killy
33%
Kim Kallstrom
28%
Mario Kempes
27%
Kevin Keegan
16%
Aucun quiz correspondant
Distribution des résultats
% des personnes avec chaque résultat
Percentile par nombre de réponses
Votre historique - résultats
Vous n’avez pas pris ce quiz